Potencias de 2 en 1 min - Estadísticas

Estadísticas generales
  • Esta prueba ha sido intentada 39 veces
  • La puntuación promedio es 9 de 16
Estadísticas de respuestas
Hint Respuesta % Correcto
4 16
100%
7 128
74%
5 32
74%
6 64
74%
8 256
70%
9 512
70%
10 1024
67%
2 4
67%
0 1
63%
3 8
63%
1 2
59%
11 2048
56%
12 4096
44%
13 8192
19%
14 16384
7%
15 32768
4%
No se encontraron pruebas coincidentes
Distribución de puntuación
Porcentaje de gente con cada puntuación
Porcentaje por número respondido
Historial de tus puntuaciones
No has intentado esta prueba.